000 00858nam a2200253Ia 4500
003 OSt
005 20220923223928.0
006 a|||||r|||| 00| 0
007 ta
008 220922b |||||||| |||| 00| 0 hin d
024 _a223,497
037 _cTextual
040 _aARTS
_cARTS
_bhin
041 _2hin
_ahin
082 _aO152:gN, J9;P4
100 _aवाजपेयी, नन्ददुलारे
_9156285
245 0 _aनया साहित्य नए प्रश्न
246 _aNayā sāhitya nae prashna
260 _aदिल्ली
_b स्वराज प्रकाशन
_c2004
300 _a267पृ.
_ccm.
650 _aहिन्दी साहित्य
_9156264
942 _hO152:gN, J9;P4
_cTEXL
_2CC
999 _c368316
_d368316